<?xml version="1.0" encoding="UTF-8"?>
<collection xmlns="http://www.loc.gov/MARC21/slim">
 <record>
  <leader>00542cam a2200145 7i4500</leader>
  <controlfield tag="001">0000053289</controlfield>
  <controlfield tag="005">20070109090000.0</controlfield>
  <datafield tag="090" ind1="0" ind2="0">
   <subfield code="a">LG 173 </subfield>
   <subfield code="b">S5</subfield>
  </datafield>
  <datafield tag="245" ind1="0" ind2="0">
   <subfield code="a">Kolej Universiti Kejuruteraan Utara Malaysia : </subfield>
   <subfield code="b">sidang akademik 2005/2006.</subfield>
  </datafield>
  <datafield tag="260" ind1="#" ind2="#">
   <subfield code="a">Perlis: </subfield>
   <subfield code="b">Kolej Universiti Kejuruteraan Utara Malaysia, </subfield>
   <subfield code="c">2005.</subfield>
  </datafield>
  <datafield tag="300" ind1="#" ind2="#">
   <subfield code="a">186p.: </subfield>
   <subfield code="b">ill.; </subfield>
   <subfield code="c">25 cm..</subfield>
  </datafield>
  <datafield tag="610" ind1="1" ind2="0">
   <subfield code="a">Kolej Universiti Kejuruteraan Utara Malaysia </subfield>
  </datafield>
  <datafield tag="650" ind1="0" ind2="0">
   <subfield code="a">Universities and Colleges -- </subfield>
   <subfield code="z">Malaysia </subfield>
  </datafield>
  <datafield tag="740" ind1="0" ind2="0">
   <subfield code="a">Sidang akademik 2005/2006</subfield>
  </datafield>
  <datafield tag="999" ind1=" " ind2=" ">
   <subfield code="a">1100045201</subfield>
   <subfield code="b">Book</subfield>
   <subfield code="c">Open Shelf</subfield>
   <subfield code="e">KOLEKSI TERBUKA</subfield>
  </datafield>
 </record>
</collection>
